Statistics for Paris Saint-Germain Scorers in 2010s Champions League

Click here to take the quiz!

General Stats

  • This quiz has been taken 246 times
  • The average score is 17 of 26

Answer Stats

PlayerNationGls% Correct
Edinson CavaniUruguay29
99%
NeymarBrazil11
99%
Zlatan IbrahimovićSweden20
99%
Kylian MbappéFrance8
96%
Ángel Di MaríaArgentina10
93%
Marco VerrattiItaly3
87%
Thiago SilvaBrazil3
83%
MarquinhosBrazil4
81%
Ezequiel LavezziArgentina7
78%
Julian DraxlerGermany1
75%
Blaise MatuidiFrance6
69%
Javier PastoreArgentina4
67%
Thomas MeunierBelgium2
66%
Lucas MouraBrazil3
63%
Presnel KimpembeFrance1
63%
Thiago MottaItaly2
63%
Juan BernatSpain3
61%
David LuizBrazil3
57%
Dani AlvesBrazil2
53%
Adrien RabiotFrance4
51%
Serge AurierIvory Coast1
50%
Layvin KurzawaFrance3
47%
AlexBrazil2
36%
Jérémy MénezFrance2
36%
Yohan CabayeFrance1
22%
Guillaume HoarauFrance1
20%

Score Distribution

Percentile by Number Answered

Percent of People with Each Score

Your Score History

You have not taken this quiz